[Event "Qatar Masters Open 2023"]
[Site "Doha QAT"]
[Date "2023.10.13"]
[Round "3.74"]
[White "Aayush, Bhattacherjee"]
[Black "Aziz, Husain"]
[Result "0-1"]
[WhiteTitle "FM"]
[BlackTitle "IM"]
[WhiteElo "2444"]
[BlackElo "2328"]
[WhiteFideId "35029070"]
[BlackFideId "12100293"]
[EventDate "2023.10.11"]

1. Nf3 d5 2. d4 Nf6 3. c4 e6 4. g3 dxc4 5. Bg2 c5 6. Qa4+ Nbd7 7. O-O a6 8. Qxc4
b5 9. Qc2 Bb7 10. Bg5 Rc8 11. Qd1 h6 12. Be3 c4 13. Bd2 Be7 14. Qe1 O-O 15. a3
Qb6 16. Ba5 Qa7 17. Nbd2 Nb6 18. Qb1 Na4 19. Rc1 Qa8 20. Ne1 Bxg2 21. Nxg2 Qd5
22. Bc3 Rfd8 23. e4 Qb7 24. Qc2 Rd7 25. Nf4 Bd8 26. e5 Nd5 27. Ne2 Bg5 28. Rd1
Ne3 29. Qe4 Nxd1 30. Rxd1 Bxd2 31. Qxb7 Rxb7 32. Rxd2 Nxc3 33. Nxc3 b4 34. axb4
Rxb4 35. Kf1 Rcb8 36. Nd1 a5 37. Ke2 a4 38. Rc2 Rd8 39. Kd2 f6 40. f4 fxe5 41.
fxe5 Rf8 42. Ke3 g5 43. Nc3 Rfb8 44. Nd1 Kg7 45. Kf3 Kg6 46. Ke4 R8b5 47. Rf2
Kg7 48. Rc2 Kf7 49. Rc1 Ke7 50. Nc3 Ra5 51. Rc2 Rb3 52. d5 exd5+ 53. Nxd5+ Kd7
54. Nc3 Ke6 55. Kd4 Rxe5 56. Nxa4 Rb4 57. Nc3 Re1 58. Rf2 Re5 59. Rd2 Rf5 60.
Re2+ Kf7 61. Ne4 Kg6 62. Nd6 Rf8 63. Kc5 Ra4 64. Kb5 Ra2 65. Kxc4 Rb8 66. Kc3
Ra1 67. b3 Rc1+ 68. Kb2 Rh1 69. Nc4 Kf5 70. Rf2+ Kg4 71. Ne3+ Kh3 72. Nf1 Rg1
73. Ne3 Re8 74. Nf5 Rg2 75. Rxg2 Kxg2 76. Nxh6 Kxh2 77. g4 Kh3 78. Kc3 Re6 79.
Nf5 Kxg4 80. Nd4 Re8 81. Kd3 Kf4 82. Ne2+ Kf3 83. Nd4+ Kf2 84. b4 g4 85. Nf5 g3
86. Nxg3 Kxg3 0-1

[Event "Qatar Masters Open 2023"]
[Site "Doha QAT"]
[Date "2023.10.13"]
[Round "3.75"]
[White "Sattarov, Bobir"]
[Black "Seemann, Jakub"]
[Result "1-0"]
[WhiteTitle "IM"]
[BlackTitle "IM"]
[WhiteElo "2341"]
[BlackElo "2431"]
[WhiteFideId "14203081"]
[BlackFideId "21874697"]
[EventDate "2023.10.11"]

1. d4 Nf6 2. Nf3 e6 3. Bg5 d5 4. Nbd2 c5 5. e3 Nc6 6. c3 cxd4 7. exd4 Bd6 8. Bd3
h6 9. Bh4 Qb6 10. Rb1 Nh5 11. O-O g5 12. Ne1 Nf4 13. Bg3 h5 14. Bc2 h4 15. Bxf4
Bxf4 16. Nd3 Qc7 17. Nxf4 Qxf4 18. b4 Bd7 19. Nb3 b6 20. Nc1 Rc8 21. Nd3 Qf6 22.
Ba4 h3 23. g3 Qf5 24. Bc2 Qf6 25. f4 g4 26. Qd2 Ne7 27. a4 Nf5 28. Ne5 Rg8 29.
a5 Nd6 30. axb6 axb6 31. Ra1 Bb5 32. Rfe1 Qd8 33. f5 Qg5 34. Qf2 Qf6 35. Ra7 Kf8
36. Rd7 exf5 37. Re3 Ra8 38. Bb1 Kg7 39. Nxg4 Qg5 40. Rxd6 Qxg4 41. Rxd5 Rge8
42. Rde5 Rxe5 43. dxe5 Ra1 44. Re1 f4 45. e6 f6 46. Qxf4 Qxf4 47. gxf4 f5 48.
Kf2 Kf6 49. e7 Be8 50. Kg3 Ra3 51. Re3 Ra1 52. Bd3 Rg1+ 53. Kxh3 Rg4 54. Rf3 Bd7
55. Be2 Bc6 56. Rf2 Rg8 57. Bf3 Bb5 58. Bd5 Rg4 59. c4 Be8 60. Re2 Rxf4 61. Re6+
Kg5 62. Rxb6 Rh4+ 63. Kg2 Rh7 64. Re6 Kf4 65. b5 Rg7+ 66. Kf2 Rh7 67. Bc6 1-0

[Event "Qatar Masters Open 2023"]
[Site "Doha QAT"]
[Date "2023.10.13"]
[Round "3.76"]
[White "Krishna, C R G"]
[Black "Singh, Ojasva"]
[Result "1-0"]
[WhiteTitle "IM"]
[BlackTitle "FM"]
[WhiteElo "2407"]
[BlackElo "2324"]
[WhiteFideId "5018625"]
[BlackFideId "25681958"]
[EventDate "2023.10.11"]

1. d4 d5 2. c4 c6 3. Nf3 Nf6 4. Qc2 dxc4 5. e4 b5 6. b3 cxb3 7. axb3 g6 8. Be2
Bg7 9. O-O O-O 10. Bd2 Bb7 11. Ba5 Qc8 12. Nbd2 c5 13. dxc5 a6 14. Rac1 Nc6 15.
Bc3 Qc7 16. Rfd1 Rfd8 17. g3 Rac8 18. Bf1 Rd7 19. b4 Rcd8 20. Qb2 Rb8 21. Qa1
Rdd8 22. Re1 a5 23. Bxb5 axb4 24. Bb2 Ra8 25. Qb1 Rab8 26. Nb3 Ba8 27. Bc4 Bh6
28. Rc2 Na5 29. Be5 Qa7 30. Bxb8 1-0

[Event "Qatar Masters Open 2023"]
[Site "Doha QAT"]
[Date "2023.10.13"]
[Round "3.77"]
[White "Goh, Zi Han"]
[Black "Abdurakhmonov, Mukhammadali"]
[Result "0-1"]
[WhiteTitle "FM"]
[BlackTitle "IM"]
[WhiteElo "2334"]
[BlackElo "2405"]
[WhiteFideId "5819156"]
[BlackFideId "14207346"]
[EventDate "2023.10.11"]

1. d4 Nf6 2. Nf3 e6 3. c4 d5 4. g3 dxc4 5. Bg2 a6 6. O-O Nc6 7. e3 Rb8 8. Qe2 b5
9. b3 cxb3 10. axb3 Be7 11. Bd2 O-O 12. Rc1 Bb7 13. Ne1 Nd5 14. Nd3 Qd7 15. Nc3
Ndb4 16. Ne4 Nxd3 17. Qxd3 e5 18. Nc5 Bxc5 19. Rxc5 exd4 20. Rac1 Nd8 21. Rxc7
Qg4 22. Bxb7 Rxb7 23. Rxb7 Nxb7 24. Qxd4 h5 25. Qxg4 hxg4 26. Rc7 Rd8 27. Rxb7
Rxd2 28. Ra7 Ra2 29. b4 g6 30. Kg2 Kg7 31. Rc7 Kf6 32. Rc5 Kg7 33. Rc6 g5 34.
Rd6 f6 35. Rc6 Kf7 36. Rb6 Kg6 37. Rd6 Kf5 38. Rd5+ Ke6 39. Rc5 f5 40. e4 fxe4
41. Rxg5 e3 42. Rxg4 Rxf2+ 43. Kg1 Kd5 44. Rg8 Kc4 45. Rg6 Rd2 46. Kf1 Rxh2 47.
Rxa6 Kxb4 48. Re6 Ka4 49. Rxe3 b4 50. Re8 b3 51. Ra8+ Kb4 52. Rb8+ Kc3 53. Rc8+
Kd3 54. Rd8+ Kc2 55. Rc8+ Kd1 56. Rb8 b2 57. g4 Kc1 58. Rc8+ Rc2 0-1

[Event "Qatar Masters Open 2023"]
[Site "Doha QAT"]
[Date "2023.10.13"]
[Round "3.78"]
[White "Dixit, Nikhil"]
[Black "Banh Gia Huy"]
[Result "1/2-1/2"]
[WhiteTitle "FM"]
[BlackTitle "FM"]
[WhiteElo "2327"]
[BlackElo "2397"]
[WhiteFideId "5059534"]
[BlackFideId "12424714"]
[EventDate "2023.10.11"]

1. e4 e5 2. Nf3 Nc6 3. Bb5 Nf6 4. d3 d6 5. c3 a6 6. Ba4 g6 7. d4 Bd7 8. Bc2 Bg7
9. O-O O-O 10. Nbd2 Nh5 11. dxe5 dxe5 12. Nc4 Be6 13. Ne3 Nf4 14. Qxd8 Raxd8 15.
Ng5 Bc8 16. g3 Ne2+ 17. Kg2 Bh6 18. Nf3 Nxc1 19. Raxc1 Bxe3 20. fxe3 Be6 21. b3
f6 22. Rf2 Kg7 23. Rd1 b6 24. Rxd8 Rxd8 25. Rd2 Kf7 26. Rxd8 Nxd8 27. Nd2 Nb7
28. c4 Ke7 29. Kf2 Bg4 30. Nb1 a5 31. Nc3 Be6 32. h4 Kd6 33. Nb5+ Kd7 34. Nc3 c6
35. Ke2 Kc7 36. Kd2 Nd6 37. Bd3 g5 38. Ke1 Nf7 39. Be2 Nh8 40. Kd2 gxh4 41. gxh4
Ng6 42. h5 Nh8 43. Nd1 Nf7 44. Nf2 Nd6 45. Kd3 b5 46. cxb5 cxb5 47. Bg4 Bf7 48.
h6 Bg6 49. Be6 Kd8 50. a4 Ke7 51. Bd5 b4 52. Nd1 f5 1/2-1/2

[Event "Qatar Masters Open 2023"]
[Site "Doha QAT"]
[Date "2023.10.13"]
[Round "3.79"]
[White "Savitha, Shri B"]
[Black "Brendel, Oliver"]
[Result "1-0"]
[WhiteTitle "WGM"]
[BlackTitle "IM"]
[WhiteElo "2375"]
[BlackElo "2316"]
[WhiteFideId "35061887"]
[BlackFideId "4602048"]
[EventDate "2023.10.11"]

1. e4 c5 2. Nf3 e6 3. d4 cxd4 4. Nxd4 Nc6 5. Nc3 Qc7 6. Be3 a6 7. g4 b5 8. Nxc6
Qxc6 9. Qd2 Bb7 10. O-O-O Bb4 11. Bd4 f6 12. f4 Ne7 13. Rg1 d6 14. Rg3 e5 15.
Bg1 O-O-O 16. Rd3 Ng6 17. a3 Ba5 18. b4 Bb6 19. Nd5 Bxg1 20. Rc3 exf4 21. Bxb5
Be3 22. Nxe3 fxe3 23. Rxc6+ Bxc6 24. Bxa6+ Kc7 25. Qxe3 Ra8 26. b5 Ne5 27. Qc3
h5 28. Qa5+ 1-0

[Event "Qatar Masters Open 2023"]
[Site "Doha QAT"]
[Date "2023.10.14"]
[Round "4.1"]
[White "Pranesh, M"]
[Black "Carlsen, Magnus"]
[Result "1/2-1/2"]
[WhiteTitle "GM"]
[BlackTitle "GM"]
[WhiteElo "2515"]
[BlackElo "2839"]
[WhiteFideId "35028600"]
[BlackFideId "1503014"]
[EventDate "2023.10.11"]

1. e4 g6 2. d4 d6 3. Nc3 c6 4. Be3 Nf6 5. f3 b5 6. g4 h5 7. g5 Nfd7 8. f4 Nb6 9.
Nf3 b4 10. Ne2 d5 11. e5 Bg4 12. Bg2 e6 13. h3 Bxf3 14. Bxf3 N8d7 15. h4 Be7 16.
O-O Rc8 17. c3 Nc4 18. Bc1 bxc3 19. bxc3 Rb8 20. Kh1 Qa5 21. Qd3 Ba3 22. Be3
Nxe3 23. Qxe3 Nb6 24. Rab1 Kd7 25. f5 exf5 26. e6+ fxe6 27. Nf4 Rhe8 28. Be2 Bd6
29. Nxg6 Nc4 30. Bxc4 dxc4 31. Ne5+ Kc7 32. Nf7 Qd5+ 33. Kg1 f4 34. Qf2 Rxb1 35.
Rxb1 Rf8 36. Qb2 c5 37. Nxd6 Kxd6 38. Qa3 Qf5 39. Qa6+ Kd5 40. Qb7+ Kd6 41.
dxc5+ Qxc5+ 42. Kf1 Qd5 43. Qb4+ Ke5 44. Re1+ Kf5 45. Qxf8+ Kg4 46. Re2 f3 47.
Qf6 fxe2+ 48. Kxe2 Qe4+ 49. Kf2 e5 50. g6 Qc2+ 51. Kg1 Qb1+ 52. Kg2 Qe4+ 53. Kf2 1/2-1/2

[Event "Qatar Masters Open 2023"]
[Site "Doha QAT"]
[Date "2023.10.14"]
[Round "4.4"]
[White "Sindarov, Javokhir"]
[Black "Jumabayev, Rinat"]
[Result "1/2-1/2"]
[WhiteTitle "GM"]
[BlackTitle "GM"]
[WhiteElo "2658"]
[BlackElo "2585"]
[WhiteFideId "14205483"]
[BlackFideId "13702661"]
[EventDate "2023.10.11"]

1. e4 e6 2. d4 d5 3. exd5 exd5 4. Nf3 Nc6 5. Nc3 Bf5 6. Bd3 Qd7 7. Qe2+ Nge7 8.
Be3 Bxd3 9. Qxd3 O-O-O 10. O-O-O f6 11. a3 Na5 12. Kb1 Qf5 13. Qe2 Nc4 14. Bc1
Ng6 15. Nd2 Nxd2+ 16. Bxd2 h5 17. h3 Qd7 18. g4 hxg4 19. hxg4 Re8 20. Qf3 c6 21.
Rxh8 Nxh8 22. Ne2 Nf7 23. Ng3 Nd6 24. Rh1 Qe6 25. Bc1 Ne4 26. Rh8 Nxg3 27. Qxg3
Kd7 28. Qb3 Kc8 29. Bf4 Rd8 30. Qa4 Qxg4 31. Bg3 Bc5 32. Rh4 Qd1+ 33. Ka2 Bb6
34. Qb3 Qe2 35. Rh7 Rg8 36. c3 Qc4 37. Qxc4 dxc4 38. b3 cxb3+ 39. Kxb3 Kd7 40.
a4 Ke6 41. Kc4 Kf7 42. Rh1 Rd8 43. Rh5 Kg6 44. Rh1 Kf5 45. Rh5+ Kg4 46. Rh4+ Kg5
47. Re4 Rd7 48. Bb8 Kh5 49. Kd3 a6 50. Re6 Kg6 51. Re1 Kf5 52. Rb1 Bd8 53. c4
Kg4 54. Ke3 Re7+ 55. Kd3 Rd7 56. Ke4 Re7+ 57. Kd3 Kf3 58. d5 Rd7 59. Kd4 Be7 60.
Rb3+ Kxf2 61. Ke4 cxd5+ 62. cxd5 Bc5 63. Rb2+ Ke1 64. Rc2 b6 65. Bf4 g5 66. Rc1+
Ke2 67. Rc2+ Kd1 68. Rc1+ Ke2 69. Rc2+ Ke1 70. Rc1+ Kf2 71. Rc2+ Kg1 72. Bh2+
Kf1 73. Bf4 g4 74. Kf5 Re7 1/2-1/2

[Event "Qatar Masters Open 2023"]
[Site "Doha QAT"]
[Date "2023.10.14"]
[Round "4.5"]
[White "Giri, Anish"]
[Black "Vokhidov, Shamsiddin"]
[Result "1/2-1/2"]
[WhiteTitle "GM"]
[BlackTitle "GM"]
[WhiteElo "2760"]
[BlackElo "2578"]
[WhiteFideId "24116068"]
[BlackFideId "14204223"]
[EventDate "2023.10.11"]

1. d4 Nf6 2. c4 e6 3. Nf3 d5 4. Nc3 Bb4 5. Qa4+ Nc6 6. e3 O-O 7. Qc2 Re8 8. Bd2
Bf8 9. a3 e5 10. dxe5 Nxe5 11. cxd5 Nxd5 12. O-O-O Nxf3 13. gxf3 a5 14. Be1 c6
15. h4 Qe7 16. Nxd5 cxd5 17. Bb5 Bd7 18. Rxd5 Rec8 19. Bc3 Rxc3 20. bxc3 Be6 21.
Rd4 Qxa3+ 22. Qb2 Qc5 23. Rhd1 Be7 24. Bd7 Bf6 25. Bxe6 fxe6 26. R4d3 b5 27. Qa2
Ra6 28. Kd2 Bxh4 29. Ke2 Bf6 30. e4 h6 31. Kf1 Bxc3 32. Rd8+ Kh7 33. e5 Qc4+ 34.
Qxc4 bxc4 35. R1d6 Ra7 36. Rxe6 a4 37. Ree8 a3 38. Ra8 Rxa8 39. Rxa8 Bxe5 40.
Rxa3 Kg6 41. Ra5 Bf6 42. f4 c3 43. Ke2 h5 44. Kf3 h4 45. Rd5 Kf7 46. f5 Ke7 1/2-1/2

[Event "Qatar Masters Open 2023"]
[Site "Doha QAT"]
[Date "2023.10.14"]
[Round "4.8"]
[White "Salem, A.R. Saleh"]
[Black "Madaminov, Mukhiddin"]
[Result "1-0"]
[WhiteTitle "GM"]
[BlackTitle "IM"]
[WhiteElo "2632"]
[BlackElo "2484"]
[WhiteFideId "9301348"]
[BlackFideId "14210703"]
[EventDate "2023.10.11"]

1. d4 Nf6 2. c4 g6 3. Nc3 d5 4. Nf3 Bg7 5. Bg5 dxc4 6. e4 c5 7. Bxc4 cxd4 8.
Nxd4 O-O 9. e5 Ng4 10. Nd5 Nxe5 11. Bxe7 Qd7 12. Bxf8 Nxc4 13. Bxg7 Qxd5 14. Bh6
Qxg2 15. Qf3 Qxf3 16. Nxf3 Nc6 17. O-O Bg4 18. Nd2 Nxd2 19. Bxd2 Bh3 20. Rfd1
Bg4 21. Rf1 Bh3 22. Rfe1 Nd4 23. Re3 Bg4 24. Kf1 Rd8 25. Bc3 Nf5 26. Re4 Bf3 27.
Rf4 Bc6 28. Re1 h5 29. f3 Rd6 30. Kf2 f6 31. Re2 Kf7 32. Rd2 Re6 33. Rd8 a6 34.
Bb4 Re5 35. Bc3 Rc5 36. Rc8 g5 37. Re4 Nh6 38. Rc7+ Kg6 39. Ree7 h4 40. Rg7+ Kh5
41. Rc8 Rf5 42. Rh8 Rxf3+ 43. Ke2 Be4 44. a3 Rf4 45. Bb4 Rf3 46. Re7 Bc6 47.
Reh7 Kg4 48. Rxh6 Bb5+ 49. Kd2 Rf2+ 50. Kc3 Rxh2 51. Rxf6 h3 52. Rfh6 Bf1 53.
Rf8 Bb5 54. Bd6 Re2 55. Rg8 Re3+ 56. Kd4 Rd3+ 57. Kc5 Bc6 58. Be7 Rd5+ 59. Kc4
Re5 60. Rxg5+ Rxg5 61. Bxg5 Kxg5 62. Rxh3 Kf5 63. Kc5 Ke4 64. b4 Ke5 65. Re3+ 1-0

[Event "Qatar Masters Open 2023"]
[Site "Doha QAT"]
[Date "2023.10.14"]
[Round "4.9"]
[White "Fawzy, Adham"]
[Black "Yakubboev, Nodirbek"]
[Result "1/2-1/2"]
[WhiteTitle "GM"]
[BlackTitle "GM"]
[WhiteElo "2535"]
[BlackElo "2616"]
[WhiteFideId "10613129"]
[BlackFideId "14203987"]
[EventDate "2023.10.11"]

1. e4 e5 2. Nf3 Nc6 3. Bc4 Bc5 4. c3 Nf6 5. d4 exd4 6. e5 d5 7. Bb5 Ne4 8. cxd4
Bb6 9. Nc3 O-O 10. Be3 Bg4 11. h3 Bh5 12. Qc2 Bg6 13. Qb3 Ne7 14. O-O c6 15. Bd3
Nf5 16. Qc2 Nxc3 17. bxc3 Nxe3 18. fxe3 Bxd3 19. Qxd3 f6 20. c4 Bc7 21. Qb3 fxe5
22. Qxb7 exd4 23. exd4 Qc8 24. Qxc8 Raxc8 25. c5 Bg3 26. Rab1 Rb8 27. Rfd1 h5
28. a4 Rbe8 29. h4 Re2 30. Rb7 Rf7 31. Rb3 Rfe7 32. Rdb1 g6 33. R3b2 Kg7 34. Kf1
Rxb2 35. Rxb2 Kf6 36. a5 Re3 37. Rb7 Ra3 38. Rxa7 Ra2 39. Ra6 Rf2+ 40. Kg1 Ra2
41. Kf1 Rf2+ 42. Kg1 Ra2 43. Kf1 1/2-1/2

[Event "Qatar Masters Open 2023"]
[Site "Doha QAT"]
[Date "2023.10.14"]
[Round "4.10"]
[White "Karthikeyan, Murali"]
[Black "Vaishali, Rameshbabu"]
[Result "1/2-1/2"]
[WhiteTitle "GM"]
[BlackTitle "IM"]
[WhiteElo "2611"]
[BlackElo "2448"]
[WhiteFideId "5074452"]
[BlackFideId "5091756"]
[EventDate "2023.10.11"]

1. e4 e5 2. Nf3 Nc6 3. Bb5 a6 4. Ba4 Nf6 5. O-O Bc5 6. c3 O-O 7. d4 Ba7 8. dxe5
Nxe4 9. Qd5 Nc5 10. Bc2 Ne7 11. Qd1 d5 12. exd6 Qxd6 13. Qxd6 cxd6 14. Rd1 Bg4
15. Be3 Bxf3 16. gxf3 d5 17. Nd2 Ne6 18. Nb3 a5 19. a4 Rfd8 20. Rd2 g5 21. Rad1
Kg7 22. Kf1 h6 23. Nd4 Bxd4 24. Bxd4+ Nxd4 25. Rxd4 Ra6 26. Be4 Rad6 27. f4 b6
28. c4 f5 29. Bg2 gxf4 30. cxd5 Kf6 31. R4d3 Rc8 32. Rh3 Kg5 33. Rc3 Rcd8 34.
Ke2 f3+ 35. Bxf3 Nxd5 36. Rg1+ Kf6 37. Bxd5 1/2-1/2

[Event "Qatar Masters Open 2023"]
[Site "Doha QAT"]
[Date "2023.10.14"]
[Round "4.11"]
[White "Kuybokarov, Temur"]
[Black "Laxman, R.R."]
[Result "1/2-1/2"]
[WhiteTitle "GM"]
[BlackTitle "GM"]
[WhiteElo "2584"]
[BlackElo "2322"]
[WhiteFideId "14203049"]
[BlackFideId "5005361"]
[EventDate "2023.10.11"]

1. d4 d5 2. c4 e6 3. Nf3 h6 4. g3 Nf6 5. Bg2 Nc6 6. O-O Bd6 7. b3 O-O 8. Bb2 Ne4
9. Nbd2 f5 10. e3 Bd7 11. Nxe4 fxe4 12. Nd2 Qg5 13. Qe2 Bb4 14. f3 Qh5 15. Rad1
Ne7 16. g4 exf3 17. Nxf3 Qxg4 18. a3 Bd6 19. c5 Bxh2+ 20. Kxh2 Nf5 21. Qe1 Qh5+
22. Bh3 e5 23. Nxe5 Nxd4 24. Rxd4 Qxh3+ 25. Kg1 Rxf1+ 26. Qxf1 Qg3+ 27. Qg2 Qxe5
28. Re4 Qg5 29. Qxg5 hxg5 30. Re7 Bc6 31. Rxg7+ Kf8 32. Rxc7 Re8 33. Bg7+ Kg8
34. Kf2 Kh7 35. b4 a6 36. a4 Kg6 37. b5 axb5 38. axb5 Bxb5 39. Rxb7 Bc6 40. Rc7
Re6 41. Bd4 Kf5 42. Kg3 Kg6 43. Rg7+ Kf5 44. Rf7+ Kg6 45. Rf8 Be8 46. Kg4 Re4+
47. Kf3 Re6 48. Kf2 Bc6 49. Bc3 Be8 50. Ke2 Bb5+ 51. Kd2 Bc6 52. Ba5 Re8 53. Rf1
g4 54. Bc7 Re7 55. Bf4 Re4 56. Rh1 Kg7 57. Rh4 d4 58. Rxg4+ Kf6 59. Rg1 dxe3+
60. Bxe3 Ra4 61. Re1 Ke5 62. Kc3 Ra3+ 63. Kb2 Rd3 64. Bg1+ Kd5 65. Rf1 Kc4 66.
Rf4+ Kb5 67. Kc2 Rg3 68. Bd4 Rf3 69. Rh4 Bd5 70. Kd2 Ra3 71. Ke2 Bf3+ 72. Kf2
Bc6 73. Rh8 Rd3 74. Rb8+ Kc4 75. Be3 Rb3 76. Rc8 Kb5 77. Rd8 Kc4 78. Rd6 Kb5 79.
Re6 Rb4 80. Rd6 Rb3 81. Re6 Rb4 82. Rd6 1/2-1/2

[Event "Qatar Masters Open 2023"]
[Site "Doha QAT"]
[Date "2023.10.14"]
[Round "4.12"]
[White "Suleymenov, Alisher"]
[Black "Maghsoodloo, Parham"]
[Result "0-1"]
[WhiteTitle "GM"]
[BlackTitle "GM"]
[WhiteElo "2512"]
[BlackElo "2707"]
[WhiteFideId "13707833"]
[BlackFideId "12539929"]
[EventDate "2023.10.11"]

1. d4 Nf6 2. c4 e6 3. Nf3 d5 4. g3 Bb4+ 5. Nc3 dxc4 6. Bg2 Nd5 7. O-O Nc6 8. Bg5
f6 9. Bd2 O-O 10. Rc1 Nb6 11. Ne4 Be7 12. Bf4 Nb4 13. a3 N4d5 14. Bd2 Bd7 15.
Nc5 Bxc5 16. dxc5 Na4 17. e4 Ne7 18. Qc2 Bb5 19. Be3 c3 20. bxc3 Qd3 21. Qa2 Qc4
22. Qa1 e5 23. Rb1 Bc6 24. Rb4 Qf7 25. Qd1 Nxc3 26. Qc2 a5 27. Rb2 Nxe4 28. Nxe5
fxe5 29. Bxe4 Nf5 30. Re1 Rad8 31. Bxc6 bxc6 32. Qa4 Rd3 33. Rbe2 h5 34. Qxc6
Nxe3 35. fxe3 Rxa3 36. Kg2 a4 37. Rd1 Rd3 38. Ra1 a3 39. Qe4 Rfd8 40. Kh3 Qe6+
41. Kg2 Rd2 42. Qf3 h4 43. Rxd2 Rxd2+ 44. Kg1 e4 45. Qh5 a2 46. Rf1 h3 47. g4
Rg2+ 48. Kh1 Rb2 49. Qh4 Qf6 0-1

[Event "Qatar Masters Open 2023"]
[Site "Doha QAT"]
[Date "2023.10.14"]
[Round "4.13"]
[White "Van Foreest, Jorden"]
[Black "Mousavi, Seyed Khalil"]
[Result "1/2-1/2"]
[WhiteTitle "GM"]
[BlackTitle "GM"]
[WhiteElo "2707"]
[BlackElo "2492"]
[WhiteFideId "1039784"]
[BlackFideId "12511099"]
[EventDate "2023.10.11"]

1. e4 c5 2. Nf3 Nc6 3. Bb5 e5 4. O-O Bd6 5. d3 Nf6 6. Bg5 a6 7. Bc4 Be7 8. a4
O-O 9. Bxf6 Bxf6 10. Nc3 d6 11. Nd5 g6 12. Qd2 Kg7 13. c3 Be6 14. Ne3 h5 15.
Bxe6 fxe6 16. Kh1 Rf7 17. Rg1 Bg5 18. Qe2 Qf6 19. Raf1 Bh6 20. Nc4 Qe7 21. a5
Raf8 22. Ra1 g5 23. Rgf1 g4 24. Ng1 d5 25. Nb6 d4 26. Nc4 Rf6 27. f3 Qf7 28. Ra3
Kh7 29. Rb3 Qg7 30. Rb6 h4 31. Qe1 h3 32. Qe2 hxg2+ 33. Qxg2 Rg6 34. fxg4 Rxg4
35. Qh3 Rxf1 36. Qxf1 Bf4 37. Nf3 Rg6 38. Qf2 Kg8 39. Qf1 Rh6 40. Qe2 Rg6 41.
Qf2 Rf6 1/2-1/2

[Event "Qatar Masters Open 2023"]
[Site "Doha QAT"]
[Date "2023.10.14"]
[Round "4.14"]
[White "Samant, Aditya S"]
[Black "Nihal, Sarin"]
[Result "1/2-1/2"]
[WhiteTitle "IM"]
[BlackTitle "GM"]
[WhiteElo "2511"]
[BlackElo "2694"]
[WhiteFideId "35080580"]
[BlackFideId "25092340"]
[EventDate "2023.10.11"]

1. e4 c5 2. Nf3 d6 3. d4 cxd4 4. Nxd4 Nf6 5. Nc3 a6 6. Be3 e5 7. Nf3 Be7 8. Bc4
Be6 9. Bxe6 fxe6 10. Ng5 Qd7 11. Qf3 d5 12. O-O-O d4 13. Bxd4 exd4 14. e5 O-O
15. Qh3 h6 16. Nxe6 Nc6 17. exf6 Rxf6 18. Nxd4 Qxh3 19. gxh3 Rxf2 20. Nxc6 bxc6
21. Ne4 Rf3 22. Rd3 Raf8 23. Rg1 Rf1+ 24. Rd1 R1f4 25. Rde1 Rf3 26. Nd2 R3f7 27.
Ne4 Rf3 28. Nd2 R3f7 29. Ne4 Rf3 30. Nd2 R3f7 31. Ne4 1/2-1/2

[Event "Qatar Masters Open 2023"]
[Site "Doha QAT"]
[Date "2023.10.14"]
[Round "4.15"]
[White "Aravindh, Chithambaram VR."]
[Black "Ahmadzada, Ahmad"]
[Result "0-1"]
[WhiteTitle "GM"]
[BlackTitle "IM"]
[WhiteElo "2649"]
[BlackElo "2494"]
[WhiteFideId "5072786"]
[BlackFideId "13413007"]
[EventDate "2023.10.11"]

1. d4 Nf6 2. c4 e6 3. Nf3 d5 4. g3 Be7 5. Bg2 O-O 6. O-O dxc4 7. Qc2 a6 8. a4
Bd7 9. Qxc4 Bc6 10. Bg5 Nbd7 11. Nc3 h6 12. Bxf6 Nxf6 13. a5 Bd5 14. Qd3 c5 15.
e4 Bc6 16. Rfd1 cxd4 17. Nxd4 Qc7 18. Qc4 Rfc8 19. Nxc6 bxc6 20. b4 Rcb8 21.
Rab1 Nd7 22. f4 Nf6 23. Bf3 e5 24. Nd5 Qa7+ 25. Nb6 Bd8 26. fxe5 Bxb6+ 27. axb6
Rxb6 28. Kg2 Nd7 29. e6 Ne5 30. Qc5 Rb5 31. Qxa7 Rxa7 32. Rd8+ Kh7 33. Be2 Rbb7
34. Re8 a5 35. exf7 Nxf7 36. e5 axb4 37. Bc4 c5 38. Rf1 g6 39. Bd5 Rc7 40. Rf4
Kg7 41. e6 Nd6 42. Rd8 Nf5 43. Kf2 h5 44. h3 Kh6 45. g4 hxg4 46. Rxg4 Kg7 47.
Rg8+ Kf6 48. R8xg6+ Ke5 49. Bc4 Ra3 50. Rg1 Re7 51. Rc1 Nd4 52. Rg5+ Kd6 53. h4
b3 54. Rb1 Ra2+ 55. Ke3 Rh2 56. Rd5+ Kc6 57. Rxd4 Rh3+ 58. Ke4 Rxh4+ 59. Ke5
Rxd4 60. Bxb3 Rb7 61. Bc2 Rd5+ 62. Kf6 Rxb1 63. Bxb1 Kd6 64. Kf7 Re5 65. Ba2 Re2
66. Bb3 Re3 67. Ba2 Re4 0-1

[Event "Qatar Masters Open 2023"]
[Site "Doha QAT"]
[Date "2023.10.14"]
[Round "4.16"]
[White "Prraneeth, Vuppala"]
[Black "Aryan, Chopra"]
[Result "1/2-1/2"]
[WhiteTitle "IM"]
[BlackTitle "GM"]
[WhiteElo "2510"]
[BlackElo "2634"]
[WhiteFideId "46622373"]
[BlackFideId "5084423"]
[EventDate "2023.10.11"]

1. e4 c5 2. Nf3 e6 3. d4 cxd4 4. Nxd4 Nc6 5. a3 Nf6 6. Nc3 d5 7. exd5 Nxd5 8.
Nxd5 Qxd5 9. Be3 Nxd4 10. Qxd4 Qxd4 11. Bxd4 Bd7 12. Bd3 Bc6 13. O-O Be7 14.
Rfe1 Bf6 15. Bxf6 gxf6 16. Rad1 Ke7 17. f4 h5 18. Kf2 h4 19. Be4 Rhc8 20. c3 a5
21. Rd4 Bxe4 22. Rexe4 Rc5 23. Re3 Rd8 24. Rxd8 Kxd8 25. Rh3 a4 26. Rd3+ Ke7 27.
Rd4 b5 28. Rd3 Rc4 29. Kf3 f5 30. Rd2 f6 31. g3 hxg3 32. hxg3 Rc5 33. g4 fxg4+
34. Kxg4 e5 35. fxe5 Rxe5 36. Rd4 Rc5 37. Kf3 f5 38. Rb4 Kf6 39. Kf2 Ke5 40. b3
axb3 41. Rxb3 f4 42. Rb4 Kf5 43. a4 bxa4 44. Rxa4 Rxc3 45. Ra8 1/2-1/2

[Event "Qatar Masters Open 2023"]
[Site "Doha QAT"]
[Date "2023.10.14"]
[Round "4.17"]
[White "Bharath, Subramaniyam H"]
[Black "Mendonca, Leon Luke"]
[Result "1/2-1/2"]
[WhiteTitle "GM"]
[BlackTitle "GM"]
[WhiteElo "2500"]
[BlackElo "2622"]
[WhiteFideId "46634827"]
[BlackFideId "35028561"]
[EventDate "2023.10.11"]

1. e4 c5 2. Nf3 d6 3. d4 cxd4 4. Nxd4 Nf6 5. Nc3 a6 6. Bd3 g6 7. f3 Bg7 8. Be3
Nbd7 9. Qd2 h5 10. a4 b6 11. Nd5 Bb7 12. c4 e6 13. Nxf6+ Qxf6 14. O-O O-O 15.
Rfd1 d5 16. cxd5 exd5 17. exd5 Bxd5 18. Bf1 Nc5 19. b4 Nb3 20. Nxb3 Bxb3 21. Bd4
Qxd4+ 22. Qxd4 Bxd4+ 23. Rxd4 a5 24. Bc4 Bxc4 25. Rxc4 Rfd8 26. Ra2 axb4 27.
Rxb4 Ra6 28. Rab2 Kg7 29. h4 Rd7 30. Rxb6 Rxa4 31. R6b4 Rd2 32. Rxa4 1/2-1/2

[Event "Qatar Masters Open 2023"]
[Site "Doha QAT"]
[Date "2023.10.14"]
[Round "4.18"]
[White "Vakhidov, Jakhongir"]
[Black "Abdisalimov, Abdimalik"]
[Result "1-0"]
[WhiteTitle "GM"]
[BlackTitle "GM"]
[WhiteElo "2607"]
[BlackElo "2487"]
[WhiteFideId "14201801"]
[BlackFideId "14206323"]
[EventDate "2023.10.11"]

1. d4 Nf6 2. c4 e6 3. Nf3 d5 4. Nc3 dxc4 5. e4 Bb4 6. Bxc4 Nxe4 7. O-O Nf6 8.
Qa4+ Nc6 9. Bg5 Be7 10. Bxf6 Bxf6 11. d5 exd5 12. Rfe1+ Be6 13. Ba6 Qc8 14. Nxd5
O-O 15. Nxf6+ gxf6 16. Bd3 Bf5 17. Bb5 Nd8 18. Qf4 a6 19. Bc4 b5 20. Bd5 c6 21.
Rac1 Kg7 22. Nd4 Bg6 23. Bxc6 Qb8 24. Nf5+ Kg8 25. Ne7+ Kg7 26. Qf3 Ra7 27. h4
h6 28. Rcd1 Rc7 29. Rd6 Ne6 30. Nxg6 Kxg6 31. Be4+ Kg7 32. Qg4+ 1-0